বাংলাদেশের ইতিহাস ১৭০৪-১৯৭১ (Record no. 80926)
[ view plain ]
| 000 -LEADER | |
|---|---|
| fixed length control field | 01084nam a2200241 a 4500 |
| 001 - CONTROL NUMBER | |
| control field | 80926 |
| 003 - CONTROL NUMBER IDENTIFIER | |
| rucl marc code | BD-RjUL |
| 005 - DATE AND TIME OF LATEST TRANSACTION | |
| control field | 20221208105835.0 |
| 008 - FIXED-LENGTH DATA ELEMENTS--GENERAL INFORMATION | |
| fixed length control field | 221207r20212007bg ||||| |||| 00| 0 ben d |
| 020 ## - INTERNATIONAL STANDARD BOOK NUMBER | |
| International Standard Book Number | 9845120067 |
| 035 ## - SYSTEM CONTROL NUMBER | |
| System control number | (BD-RjUL)80926 |
| 040 ## - CATALOGING SOURCE | |
| Original cataloging agency | BD-RjUL |
| Language of cataloging | eng |
| Transcribing agency | BD-RjUL |
| 041 ## - LANGUAGE CODE | |
| Language code of text/sound track or separate title | ben |
| 082 ## - DEWEY DECIMAL CLASSIFICATION NUMBER | |
| Edition number | 23 |
| Classification number | 954.92 |
| Author mark and year | BAN 2021 |
| 245 ## - TITLE STATEMENT | |
| Title | বাংলাদেশের ইতিহাস ১৭০৪-১৯৭১ |
| Statement of responsibility, etc. | সিরাজুল ইসলাম |
| 250 ## - EDITION STATEMENT | |
| Edition statement | ৩য় সং. |
| 260 ## - PUBLICATION, DISTRIBUTION, ETC. (IMPRINT) | |
| Place of publication, distribution, etc. | ঢাকা : |
| Name of publisher, distributor, etc. | বাংলাদেশ এশিয়াটিক সোসাইটি, |
| Date of publication, distribution, etc. | ২০০৭ [মুদ্রণ ২০২১] |
| 300 ## - PHYSICAL DESCRIPTION | |
| Pagination | খণ্ড; |
| Size | ২৫ সেমি. |
| 505 01 - FORMATTED CONTENTS NOTE | |
| Formatted contents note | খণ্ড. ১ম রাজনৈতিক ইতিহাস-- খণ্ড. ২য় অর্থনৈতিক ইতিহাস-- খণ্ড. ৩য় সামাজিক ও সাংস্কৃতিক ইতিহাস-- |
| 650 ## - SUBJECT ADDED ENTRY--TOPICAL TERM | |
| Topical term or geographic name as entry element | বাংলাদেশ |
| General subdivision | ইতিহাস |
| Topical term or geographic name as entry element | Bangladesh |
| General subdivision | history |
| 942 ## - ADDED ENTRY ELEMENTS (KOHA) | |
| Source of classification or shelving scheme | Dewey Decimal Classification |
| Koha item type | Books |
| Lost status | Source of classification or shelving scheme | Damaged status | Not for loan | Collection code | Permanent Location | Current Location | Shelving location | Date acquired | Source of acquisition | Cost, normal purchase price | Full call number | Date last seen | Copy number | Koha item type |
|---|---|---|---|---|---|---|---|---|---|---|---|---|---|---|
| Dewey Decimal Classification | Not For Loan | Non-fiction | Central Library, University of Rajshahi | Central Library, University of Rajshahi | Reading Room | 08/11/2022 | Rajshahi : Biddasagar | 2550.00 | B 954.92 BAN V-2 2021 | 08/12/2022 | C-1 | Books | ||
| Dewey Decimal Classification | Not For Loan | Non-fiction | Central Library, University of Rajshahi | Central Library, University of Rajshahi | Reading Room | 08/11/2022 | Rajshahi : Biddasagar | 2550.00 | B 954.92 BAN V-3 2021 | 08/12/2022 | C-1 | Books | ||
| Dewey Decimal Classification | Not For Loan | Non-fiction | Central Library, University of Rajshahi | Central Library, University of Rajshahi | Reading Room | 08/11/2022 | Rajshahi : Biddasagar | 2550.00 | B 954.92 BAN V-1 2021 | 08/12/2022 | C-1 | Books |